00509nam a2200181Ii 450000100060000000300090000600800410001504000330005604100080008908200160009710000350011324500370014826400490018530000120023433600260024633700280027233800270030020217CO-ViMGA241108s9999||||xx |||||||||||||| ||und|| aCO-ViMGAbspaerdacCO-ViMGA0 aspa04a338.91 D41d1 aPedro Agustín. Díaz Arenas10aDiálogo sobre el subdesarrollo 1aBogotá, Colombia : Editorial El Buho, 1989 avolumen atextbtxt2rdacontent aunmediatedbn2rdamedia avolumebnc2rdacarrier